[Event "Campalto CIS Series C13 55th"]
[Site "Campalto"]
[Date "2024.03.16"]
[Round "3.2"]
[White "Franzoni, Gabriele"]
[Black "Calicchia, Giovanni"]
[Result "0-1"]
[WhiteElo "1627"]
[BlackElo "1878"]
[PlyCount "63"]
[EventDate "2024.03.15"]
[EventType "team-swiss"]
[EventRounds "5"]
[EventCountry "ITA"]
[SourceTitle "EXT 2025"]
[Source "ChessBase"]
[SourceDate "2024.10.14"]
[SourceVersion "1"]
[SourceVersionDate "2024.10.14"]
[SourceQuality "1"]
[WhiteTeam "Valpollicella Accademia"]
[BlackTeam "Monselicee G.Zuccarello"]
[WhiteTeamCountry "ITA"]
[BlackTeamCountry "ITA"]

1. e4 c5 2. Nf3 Nc6 3. d4 cxd4 4. Nxd4 Qc7 5. c3 Nf6 6. f3 g6 7. g3 d6 8. Bg2 Bg7 9. Ne2 0-0 10. Be3 Rd8 11. Nf4 e6 12. 0-0 b6 13. Na3 Bb7 14. Bh3 Qe7 15. Qb3 d5 16. exd5 Nxd5 17. Nxd5 Rxd5 18. Nc4 Rad8 19. Rfd1 Qd7 20. Re1 Ne5 21. Nxe5 Rxe5 22. f4 Rd5 23. Bf1 Rd6 24. Bb5 Qc7 25. a4 a6 26. Be2 Qc6 27. Bf3 Qxf3 28. Re2 Qxe2 29. Bf2 Rd1+ 30. Rxd1 Qxd1+ 31. Qxd1 Rxd1+ 32. Be1 0-1